01703 2200445 4500001002100000005001500021035002000036007000300056008004100059020002200100040002200122082001500144084001700159090002100176090002200197100003400219245030100253300005900554500001100613500012300624650002200747700003200769700002900801700003100830700002700861700003200888700003000920700003600950700003000986700003001016700002601046850001201072504002501084264003001109336002101139337003001160338002301190999002201213990002201235INLIS00000000085456720200226030248 a0010-0220000737ta200226s2019 yoia gr 1 ind d a978-623-01-0227-1 aYOPDYOGbinderda04223a001.42 a001.42 JOG k aDEP 001.42 JOG k aCB-D.11 2019-21190 aJogiyanto Hartono M.epenulis10aKajian literatur dan arah topik riset ke depan /cpenulis, Jogiyanto Hartono M., Ahmad Maulin Naufa, Catur Sugiyanto, Choirunnisa Arifa, Eddy Junarsin, Ertambang Nahartyo, Gunawan Wibisono, Julianto Agung Saputro, Mamduh M. Hanafi, Mudrajad Kuncoro, Naya Hapsari; penyunting, Jogiyanto Hartono M. axiv, 370 halaman :bilustrasi, diagram, tabel ;c23 cm aIndeks aDiterbitkan bekerjasama dengan Fakultas Ekonomika dan Bisnis Program Magister Sains dan Doktor Universitas Gadjah Mada 4aMetode penelitian0 aAhmad Maulin Naufaepenulis aCatur Sugiyantoepenulis aChoirunnisa Arifaepenulis aEddy Junarsinepenulis aErtambang Nahartyoepenulis aGunawan Wibisonoepenulis aJulianto Agung Saputroepenulis aMamduh M. Hanafiepenulis aMudrajad Kuncoroepenulis aNaya Hapsariepenulis aYOPDYOG atermasuk bibliografi31aYogyakarta :bANDI,c2019 2rdacontentateks 2rdamediaatanpa perantara 2rdacarrieravolume aCB-D.11/2019-2119 aCB-D.11/2019-2119